| 000 | 01067cam a2200133 4500500 | ||
|---|---|---|---|
| 005 | 20260329023240.0 | ||
| 041 | _afre | ||
| 042 | _adc | ||
| 100 | 1 | 0 |
_aMaillot, Pierre _eauthor |
| 245 | 0 | 0 | _al'écriture cinématographique |
| 260 |
_bArmand Colin,
_c2014. |
||
| 520 | _aL'auteur définit le cinéma, moyen d'expression personnelle, comme un art, non par ce qu'il montre mais par la façon de montrer. Pour apprendre cette écriture et apprendre à la lire, il aborde successivement les matériaux narratifs profilmiques, la réalité cinématographique, la construction du scénario, découpage et montage.Le matériau narratif. Les décors. Les temps. Les personnages. Actions, situations, segments narratifs. Le matériau cinématographique. Les lieux d'origine, le corps, la voix. Le cinéma et les autres arts. Les signifiants cinématographiques. La narration cinématographique. Position de la question. Le synopsis. Le scénario. | ||
| 856 | 4 | 1 | _uhttps://shs.cairn.info/l-ecriture-cinematographique--9782200014780?lang=fr&redirect-ssocas=7080 |
| 999 |
_c1925786 _d1925786 |
||